=LDR 00000nam 2200000 4500 =001 INLIS000000000031322 =005 20130612133412 =008 ***********************************ind** =035 ##$$0010-061300000031322 =041 ##$$a ind =082 ##$$a 613. 2 =090 ##$$a 613. 2 , Fle l =100 ##$$a Fietcher, Ben =245 ##$$a Langsing tampa diet, lakukan sesuatu yang berbeda, Ben Fletcher, karen dine, Danny Penman ; alih bahasa, Susi Purwoko =260 ##$$a 2007 $b Jakarta =300 ##$$a 236 hlm. , ilus. , 23 cm =650 ##$$a DIET =700 ##$$a Pine,Karen =850 ##$$a NBPNMAT